| 000 | 00000cas 2200000za 4500 |
| 001 | 9.853868 |
| 003 | CaOODSP |
| 005 | 20260424091100 |
| 007 | cr ||||||||||| |
| 008 | 180319c20179999oncar p o s f0 b0fre|d |
| 022 | |a2563-5719 |
| 040 | |aCaOODSP|bfre |
| 043 | |an-cn--- |
| 086 | 1 |aM2-19F-PDF |
| 245 | 00|a10 faits sur le secteur des minéraux au Canada |h[ressource électronique]. |
| 246 | 3 |aDix faits sur le secteur des minéraux au Canada |
| 246 | 3 |aDix faits clés sur le secteur des minéraux au Canada |
| 260 | |a[Ottawa] : |bRessources naturelles Canada, |c2017- |
| 310 | |aAnnuel |
| 362 | 1 |aParaît depuis 2017. |
| 500 | |aPubl. aussi en anglais sous le titre : 10 key facts on Canada's minerals sector. |
| 692 | 07|2gccst|aIndustrie minière |
| 710 | 1 |aCanada. |bRessources naturelles Canada. |
| 775 | 08|t10 key facts on Canada's minerals sector |w(CaOODSP)9.853854 |